| 000 | 01509cam a2200373 a 4500 | ||
|---|---|---|---|
| 001 | 59650 | ||
| 003 | CO-BoRNBP | ||
| 005 | 20251027195944.0 | ||
| 007 | ta | ||
| 008 | 980828s1998 ck ae gr 00010 spa d | ||
| 020 | _a9589569846 | ||
| 040 |
_ala _cla |
||
| 041 | 0 | _aspa | |
| 043 | _as-ck--- | ||
| 082 | 0 | 4 |
_a726.1 _bS15i _219 ed. |
| 100 | 1 |
_aSaldarriaga Roa, Alberto, _d1941- _91516 |
|
| 245 | 1 | 4 |
_aLas iglesias de madera de San Andrés y Providencia : _barquitectura y música / _cAlberto Saldarriaga, Egberto Bermúdez. ; fotografía Jorge Gamboa. |
| 250 | _a1a. edición | ||
| 300 |
_a93 p : _bil., planos ; _c22 x 23 cm. |
||
| 336 |
_2rdacontent _atexto _btxt |
||
| 337 |
_2rdamedia _asin mediación _bn |
||
| 338 |
_2rdacarrier _avolumen _bnc |
||
| 610 | 2 | 7 |
_aIglesia Católica _x Historia _z San Andrés (Isla, Colombia). _966218 |
| 610 | 2 | 7 |
_aIglesia Católica _x Historia _z Providencia (Isla, Colombia). _966219 |
| 650 | 7 |
_aIglesias (Arquitectura) _x Arquitectura _z San Andrés (Isla, Colombia). _2BLAAUTO _966220 |
|
| 650 | 7 |
_aIglesias (Arquitectura) _x Arquitectura _z Providencia (Isla, Colombia). _2BLAAUTO _966221 |
|
| 650 | 7 |
_aMúsica sacra _x Historia _z San Andrés (Isla, Colombia). _2BLAAUTO _966222 |
|
| 650 | 7 |
_aMúsica sacra _x Historia _z Providencia (Isla, Colombia). _2BLAAUTO _966223 |
|
| 700 | 1 |
_aBermúdez Cujar, Egberto, _d1954- _966224 |
|
| 700 | 1 |
_aGamboa, Coque, _eil. _966225 |
|
| 830 | 0 |
_aNina S. de Friedemann-Colección _942591 |
|
| 942 |
_2ddc _cBK |
||
| 949 |
_ac _bc |
||
| 999 |
_c59650 _d59650 |
||